| 000 | 00569cam a2200157u 4500 | ||
|---|---|---|---|
| 082 |
_a943.082 _bFRA |
||
| 110 | 1 |
_aPrussia (Kingdom). _949435 |
|
| 245 | 0 | 4 | _aThe Franco-German war, 1870-1871 ... |
| 260 |
_aLondon, _bPrinted under the superintendence of H. M. Stationery off., _c1873-84. |
||
| 300 |
_a5 v. _billus., maps (part fold.) plans (part fold.) facsim. _c24 cm. |
||
| 526 |
_a0 _b0 _c0 _d943_082000000000000_FRA |
||
| 650 | 0 |
_aFranco-Prussian War, 1870-1871. _949384 |
|
| 650 | 0 |
_aMCE _9379 |
|
| 700 | 1 |
_aClarke, Francis Coningsby Hannam, _949436 |
|
| 942 |
_2ddc _cBK |
||
| 999 |
_c552213 _d552213 |
||